000 00512nam a2200157 a 4500
001 000029450
005 20250217091458.0
008 110415s1990 dr 000 0 spa d
040 _aDO-SdBNP
_bspa
_cBNPHU
082 _axxxx
_aL864e
100 1 _a López Rodríguez, Nicolás de Jesús,
_d1936-
_9670
245 1 0 _aExhortación del arzobispo y opiniones editoriales. /
_cNicolás de Jesús López Rodríguez.
260 _aSanto Domingo :
_bAmigo del Hogar,
_c1990.
300 _a22 p. ;
_c21 cm.
049 _aBNPD
999 _c28942
_d28942